000 00476nam a2200169 i 4500
001 104116
003 ES-MaACL
005 20230906183520.0
007 t|
008 051123s1936 fr ||||1| fre d
100 1 _aMichel, Robert.
_980904
245 1 0 _aRobert Michel
_b: Potemkine 1736-1791 /
_ctraduction française de G. Welter.
260 _aParis :
_bPayot,
_c1936.
300 _a236 p. ;
_c23 cm.
700 1 _aWelter, Gustave.
_9116468
852 _aES-MaACL
_jA-4446
999 _c104116
_d104116